|
|
|
|
| LEADER |
00000nab a2200000 a 4500 |
| 001 |
vtls009356888 |
| 003 |
SK-MaSNL |
| 005 |
20260304154213.0 |
| 008 |
250507c2008 xo |||||||||||000 b|slo |
| 015 |
|
|
|a SNBRB2008/11
|2 snkbucl
|
| 035 |
|
|
|a (uuid)f9ce79e0-67f9-4263-86d1-69dfba4310c6
|
| 035 |
|
|
|a urn:nbn:sk:snk-ab317c
|
| 035 |
|
|
|a (urnnbn)urn:nbn:sk:snk:ar-a04iz8
|
| 038 |
|
|
|a SNKBUCL
|
| 040 |
|
|
|a SNKBUCL
|b slo
|c SNKBUCL
|e AACR2
|
| 041 |
0 |
|
|a slo
|b eng
|b ger
|b slo
|
| 044 |
|
|
|a xo
|c SK
|
| 080 |
|
|
|a 656.121
|x (437.6)
|2 2001
|
| 100 |
1 |
|
|a Kucharik, Dušan
|c (Ing.)
|4 aut
|9 94226
|
| 245 |
1 |
0 |
|a Prieskum spokojnosti cestujúcich s MHD v meste Žilina
|c Dušan Kucharik
|
| 300 |
|
|
|b Grafy, tab.
|
| 546 |
|
|
|a Res. angl., nem. a slov. v obsahu
|
| 650 |
0 |
7 |
|a mestská hromadná doprava
|2 snkbucl
|9 71604
|
| 650 |
0 |
7 |
|a cestujúci
|2 snkbucl
|9 30301
|
| 650 |
0 |
7 |
|a dopravný prieskum
|2 snkbucl
|9 1325035
|
| 651 |
|
7 |
|a Žilina (Slovensko)
|2 snkbucl
|9 28812
|
| 773 |
0 |
|
|t Horizonty dopravy
|g Roč. XVI, č. 2-3 (2008), s. 9-13
|x 1210-0978
|
| 850 |
|
|
|a Slovenská národná knižnica
|
| 852 |
|
|
|a Slovenská národná knižnica
|
| 954 |
|
|
|a odborná, vedecká literatúra pôvodná (slovenská)
|2 lita
|
| 958 |
|
|
|a article27
|
| 958 |
|
|
|a OND
|
| 958 |
|
|
|a SK
|
| 958 |
|
|
|a EUIPO
|
| 999 |
|
|
|c 2956607
|d 2958537
|